000 00450nam a2200157Ia 4500
008 170221s9999 xx 000 0 und d
100 _aPaolo Granata
245 _aCreating Worlds: Notes on an Ecology of Communication
245 _cPaolo Granata
260 _bOnline Journal of Communication and Media Technologies
260 _c2013
300 _a3 : 3
650 _xCommunication
650 _xMedia Arts
856 _uhttp://www.ojcmt.net/
999 _c307231
_d307231